01458naa a22004337a 4500001001000000003000900010005001700019007000300036008003400039040005400073041000900127072001400136090001800150100002300168100002400191100001600215100002200231245007000253250001100323260003600334500016700370650001100537650001400548650001200562650000900574650002600583650001300609650001400622650001300636650001800649650002000667650002100687650002100708773007800729909003600807942001400843999001900857952014800876BR8105052BR-BrBNA20240918174821.0ta230509b bl.||||| |||| 00| 0 por d aBR-BrBNAbporcBiblioteca Nacional de Agricultura a(Pt) aF00b1740 aF00 BR81050521 aPassos, S.M. de G.1 aCanecchio Filho, V.1 aSousa, A.J.1 aAlmeida, T. de C.1 aCultura da cebola [Allium cepa, pratica cultural, defesa vegetal]1 a2. ed.3 aCampinas, SP (Brasil): c1981.  aPassos, S.M. de G.; Canecchio Filho, V.; Sousa, A.J.; Almeida, T. de C. Principais culturas 2. ed. Campinas, SP (Brasil): 1981. v. 1 p. 370-391 (BR8105052-AM)F00  aCEBOLA aSEMEADURA aPLANTIO aSOLO aTRANSPLANTE DE PLANTA aADUBACAO aIRRIGACAO aCOLHEITA aARMAZENAMENTO aPRAGA DE PLANTA aDOENCA DE PLANTA aCONTROLE QUIMICO0 tPrincipais culturaswF01 BR9503706gCampinas, SP (Brasil), 1972. qv. 1-2 a202404bLuciac55dLucia Elande cAM2AGRIS c313782d313782 002AGRIS40708Acervo Gerala41918b41918cAgrobasel0oF01 BR9503706r2024-05-20t01yAM10d2024-04-11ePortaria Interministerial nÂș 164/94